Logo BPK

Biblioteka

Politechniki Koszalińskiej

Połączenia śrubowe w konstrukcjach budowlanych / (Rekord nr 21342)

Szczegóły MARC
000 -ETYKIETA REKORDU
podpole kontrolne o stałej długości 01099nam a2200301 i 4500
001 - NUMER KONTROLNY REKORDU
pole kontrolne bg
003 - IDENTYFIKATOR NUMERU KONTROLNEGO REKORDU
podpole kontrolne BPK
005 - DATA OSTATNIEJ MODYFIKACJI REKORDU
podpole kontrolne 20200722095427.0
008 - POLE O STAŁEJ DŁUGOŚCI - DANE KONTROLNE
podpole kontrolne o stałej długości 990506s1982 pl a f f |000 0 pol
015 ## - NUMER BIBLIOGRAFII NARODOWEJ
Numer bibliografii narodowej PB 1983/3109
040 ## - ŹRÓDŁO KATALOGOWANIA
Instytucja, która sporządziła opis WA N
Instytucja, która utworzyła rekord BPK
041 0# - KOD JĘZYKA
Kod języka tekstu pol
080 ## - UNIWERSALNA KLASYFIKACJA DZIESIĘTNA - UKD
UKD 624.07
080 ## - UNIWERSALNA KLASYFIKACJA DZIESIĘTNA - UKD
UKD 621.88
100 1# - NAZWA OSOBOWA
Nazwa osobowa Filipowicz, Andrzej
Daty związane z nazwą (1938- )
Określenie rodzaju współpracy Autor
245 10 - TYTUŁ/ODPOWIEDZIALNOŚĆ
Tytuł Połączenia śrubowe w konstrukcjach budowlanych /
Pozostałe elementy strefy tytułu i oznaczenia odpowiedzialności Andrzej Filipowicz, Wojciech Włodarczyk, Wojciech Żółtowski.
260 ## - STREFA ADRESU WYDAWNICZEGO
Miejsce wydania Warszawa :
Nazwa wydawcy/dystrybutora Centralny Ośrodek Informacji Budownictwa,
Data publikacji, dystrybucji/powstania dokumentu 1982.
300 ## - STREFA OPISU FIZYCZNEGO
Objętość 83, [1] s. :
Inne cechy fizyczne rys., wykr. ;
Rozmiary 21 cm.
490 1# - STREFA SERII I DOKUMENTU WIELOCZĘŚCIOWEGO - FORMA NIE DO WYSZUKIWANIA
Tytuł i oznaczenie odpowiedzialności serii Problematyka Budownictwa
ISSN 0239-863X
Numeracja w obrębie serii 176.
504 ## - UWAGA DOTYCZĄCA BIBLIOGRAFII
Informacje o bibliografii Bibliogr. oraz wykaz norm s. 81-84.
546 ## - UWAGA O JĘZYKU
Uwaga o języku Streszcz. ros., ang.
650 #4 - HASŁO PRZEDMIOTOWE W FORMIE NAZWY OGÓLNEJ LUB JEDNOSTKOWEJ
Nazwa ogólna lub geograficzna Śruby
Określnik ogólny stosowanie
-- budownictwo.
650 #4 - HASŁO PRZEDMIOTOWE W FORMIE NAZWY OGÓLNEJ LUB JEDNOSTKOWEJ
Nazwa ogólna lub geograficzna Konstrukcje budowlane
700 1# - HASŁO DODATKOWE - NAZWA OSOBOWA
Nazwa osobowa Włodarczyk, Wojciech
Określenie związku między hasłem a opisywanym materiałem Autor
830 #0 - HASŁO DODATKOWE SERII LUB DOKUMENTU WIELOCZĘŚCIOWEGO - TYTUŁ UJEDNOLICONY
Tytuł ujednolicony Problematyka Budownictwa
Oznaczenie tomu 176.
856 ## - LOKALIZACJA I DOSTĘP DO ELEKTRONICZNYCH DOKUMENTÓW ZDALNYCH
Link (URL) http://koha.tu.koszalin.pl/cgi-bin/koha/opac-detail.pl?biblionumber=21342
Tekst linku Katalog online BPK
942 ## - DODATKOWE ELEMENTY (KOHA)
Schemat klasyfikacji Uniwersalna Klasyfikacja Dziesiętna
Typ dokumentu Książka
Egzemplarze
Wycofany Status egzemplarza Uszkodzony Dostępność Lokalizacja stała Lokalizacja bieżąca Miejsce przechowywania Sygnatura Kod kreskowy Typ dokumentu
      Dostępny Biblioteka Politechniki Koszalińskiej Biblioteka Politechniki Koszalińskiej Wypożyczalnia BG 29942 01479041 Książka
© 2023 Biblioteka Politechniki Koszalińskiej :: KOHA